000 00499nam a2200169Ia 4500
003 GCL
008 140319s9999 xx 000 0 ara d
040 _aGCL /
_cGCL
082 0 4 _a811.4
_bا ا
100 1 _aانيس المقدسى
245 1 0 _aامراء الشعر العربى فى العصر العباسى /
_cانيس المقدسى
300 _a480 ص
490 _a
650 0 4 _aالشعراء العرب
650 0 4 _aالشعر العربى - تاريخ ونقد
942 _2ddc
_cBK
999 _c39055
_d39055